Ancient Judaism (Record no. 20500)

MARC details
000 -LEADER
fixed length control field 00276nam a22001337a 4500
020 ## - INTERNATIONAL STANDARD BOOK NUMBER
ISBN 0-02-934130-2
082 ## - DEWEY DECIMAL CLASSIFICATION NUMBER
Classification number 296 WEB
100 ## - MAIN ENTRY--AUTHOR NAME
Author name Weber Max
245 ## - TITLE STATEMENT
Title Ancient Judaism
260 ## - PUBLICATION, DISTRIBUTION, ETC. (IMPRINT)
Place of publication London
Name of publisher The Free Press
Year of publication 1967
300 ## - PHYSICAL DESCRIPTION
Number of Pages 484
650 ## - SUBJECT ADDED ENTRY--TOPICAL TERM
Topical Term Judaism
942 ## - ADDED ENTRY ELEMENTS (KOHA)
Koha item type Books
Holdings
Home library Current library Date acquired Source of acquisition Cost, normal purchase price Full call number Accession Number Koha item type
Henry Martyn Institute Library Henry Martyn Institute Library 07/04/2017 amzone 1687.00 296 WEB 25293 Books
                   Copyright © 2026 | Henry Martyn Institute | Hyderabad | TS-500052 | INDIA | Implemented by hmi.edu.in
Hit-Count:

Powered by Koha